Plane trigonometry : (Record no. 5336)
[ view plain ]
| 000 -LEADER | |
|---|---|
| fixed length control field | 00775nam a2200229 a 4500 |
| 003 - CONTROL NUMBER IDENTIFIER | |
| JCCL marc code | BD-JhCC |
| 005 - DATE AND TIME OF LATEST TRANSACTION | |
| control field | 20171212194034.0 |
| 008 - FIXED-LENGTH DATA ELEMENTS--GENERAL INFORMATION | |
| fixed length control field | 851003r19631925enka 000 0 eng d |
| 035 ## - SYSTEM CONTROL NUMBER | |
| system control number | (BD-JhCC) |
| 040 ## - CATALOGING SOURCE | |
| Original cataloging agency | RBN |
| Transcribing agency | RBN |
| Modifying agency | EQO |
| 041 ## - LANGUAGE CODE | |
| Language code of Book | eng |
| 082 ## - DEWEY DECIMAL CLASSIFICATION NUMBER | |
| Classification number | 516.242 |
| Author mark and Year | LON 1963 |
| 100 1# - MAIN ENTRY--PERSONAL NAME | |
| Personal name | Loney, S. L. |
| Fuller form of name | (Sidney Luxton), |
| Dates associated with a name | 1860-1939. |
| 245 10 - TITLE STATEMENT | |
| Title | Plane trigonometry : |
| Remainder of title | Part I / |
| Statement of responsibility, etc | S. L. Loney, |
| 250 ## - EDITION STATEMENT | |
| Edition statement | 5th Edi. |
| 260 ## - PUBLICATION, DISTRIBUTION, ETC. (IMPRINT) | |
| Place of publication, distribution, etc | Cambridge [Eng.] : |
| Name of publisher, distributor, etc | University press, |
| Date of publication, distribution, etc | 1925 [Reprinted 1963.] |
| 300 ## - PHYSICAL DESCRIPTION | |
| Pagination | xvi, 1 l. 480, xxvi p. |
| Other physical details | diagrs. |
| Dimensions | 19 cm. |
| 500 ## - GENERAL NOTE | |
| General note | pt. 1. Geometrical trigonometry.--pt. 2. Analytical trigonometry.<br/>An Elementary Course, Excluding the use of Imaginary Quantities. |
| 650 #0 - SUBJECT ADDED ENTRY--TOPICAL TERM | |
| Topical term or geographic name as entry element | Plane trigonometry. |
| 942 ## - ADDED ENTRY ELEMENTS (KOHA) | |
| Source of classification or shelving scheme | Dewey Decimal Classification |
| Koha item type | Books |
| Source of classification or shelving scheme | Damaged status | Not for loan | Home library | Current library | Shelving location | Date of accession | Total Checkouts | Full call number | Barcode | Date last seen | Copy number | Koha item type |
|---|---|---|---|---|---|---|---|---|---|---|---|---|
| Dewey Decimal Classification | JCC Rouf Library | JCC Rouf Library | General Stacks | 12/12/2017 | 516.242 LON 1963 | 7445 | 12/12/2017 | C- 1 | Books |